书目信息 |
| 题名: |
中国佛教寺院建筑讲座
|
|
| 作者: | 张驭寰 著 | |
| 分册: | ||
| 出版信息: | 北京 当代中国出版社 2008 |
|
| 页数: | 344页 | |
| 开本: | 25cm | |
| 丛书名: | ||
| 单 册: | ||
| 中图分类: | TU-098.3 | |
| 科图分类: | ||
| 主题词: | 佛教--寺庙--建筑艺术史--中国 | |
| 电子资源: | ||
| ISBN: | 978-7-80170-613-3 | |
| 000 | 00778nam0 2200217 450 | |
| 001 | 1531981293 | |
| 005 | 20150118085323.56 | |
| 010 | @a978-7-80170-613-3@dCNY69.00 | |
| 100 | @a20080801d2008 em y0chiy50 ea | |
| 101 | 0 | @achi |
| 102 | @aCN@b110000 | |
| 105 | @aa z 000yy | |
| 200 | 1 | @a中国佛教寺院建筑讲座@9zhong guo fo jiao si yuan jian zhu jiang zuo@f张驭寰著 |
| 210 | @a北京@c当代中国出版社@d2008 | |
| 215 | @a344页@c照片,图@d25cm | |
| 330 | @a本书阐述了中国佛教寺院建筑发展的历史、寺院的布局、结构、附属建筑、选址特点和寺院里的艺术表现,列举了我国各地有代表性的寺院并作了个案分析。 | |
| 606 | 0 | @a佛教@x寺庙@x建筑艺术史@y中国 |
| 690 | @aTU-098.3@v5 | |
| 701 | 0 | @a张驭寰@9zhang yu huan@f(1926~)@4著 |
| 801 | 0 | @aCN@bTSSF@c20150118 |
| 905 | @aZUCC@dTU-098.3@eJY86 | |
| 中国佛教寺院建筑讲座/张驭寰著.-北京:当代中国出版社,2008 |
| 344页:照片,图;25cm |
| ISBN 978-7-80170-613-3:CNY69.00 |
| 本书阐述了中国佛教寺院建筑发展的历史、寺院的布局、结构、附属建筑、选址特点和寺院里的艺术表现,列举了我国各地有代表性的寺院并作了个案分析。 |
| ● |
| 相关链接 |
|
|
|
|
正题名:中国佛教寺院建筑讲座
索取号:TU-098.3/JY86
 
预约/预借
| 序号 | 登录号 | 条形码 | 馆藏地/架位号 | 状态 | 备注 |
| 1 | 7853236 | 278532367 | 学院路分馆/ [索取号:TU-098.3/JY86] | 在馆 | |
| 2 | 7853237 | 278532376 | 学院路分馆/ [索取号:TU-098.3/JY86] | 在馆 |